Drapeau de pays sans la couleur noir - Statistiques

Statistiques générales
  • Ce quiz a été pris 1 560 fois
  • Le résultat moyen est 13 sur 16
Statistiques - réponses
Par images Réponse % Correct
Jamaïque
99%
Égypte
97%
Allemagne
95%
Belgique
95%
irak
94%
Syrie
87%
Émirats Arabes Unis
85%
Jordanie
81%
Papouasie Nouvelle Guinée
78%
Koweït
75%
Soudan
75%
Trinité-et-Tobago
73%
Botswana
72%
Estonie
65%
Lesotho
61%
Libye
36%
Aucun quiz correspondant
Distribution des résultats
% des personnes avec chaque résultat
Percentile par nombre de réponses
Votre historique - résultats
Vous n’avez pas pris ce quiz